دہلی کا ایک یادگار سفر/ (Record no. 614028)
[ view plain ]
| 000 -LEADER | |
|---|---|
| fixed length control field | 00450nam a22001457a 4500 |
| 020 ## - INTERNATIONAL STANDARD BOOK NUMBER | |
| International Standard Book Number | 9789693501872 |
| 040 ## - CATALOGING SOURCE | |
| Transcribing agency | NUST University |
| 082 ## - DEWEY DECIMAL CLASSIFICATION NUMBER | |
| Edition number | 21st |
| Classification number | 801.953 |
| Author Mark | DEH |
| 100 ## - MAIN ENTRY--PERSONAL NAME | |
| Personal name | دہلوی،مرزا فرحت اللہ بیگ |
| 9 (RLIN) | 129323 |
| 245 ## - TITLE STATEMENT | |
| Title | دہلی کا ایک یادگار سفر/ |
| 260 ## - PUBLICATION, DISTRIBUTION, ETC. | |
| Place of publication, distribution, etc. | لاہور |
| Name of publisher, distributor, etc. | سنگ میل, |
| Date of publication, distribution, etc. | c2015 |
| 300 ## - PHYSICAL DESCRIPTION | |
| Extent | 164p. |
| Dimensions | 25cm. |
| 440 ## - SERIES STATEMENT/ADDED ENTRY--TITLE | |
| Title | دہلی کا ایک یادگار سفر |
| 9 (RLIN) | 129324 |
| 942 ## - ADDED ENTRY ELEMENTS (KOHA) | |
| Source of classification or shelving scheme | |
| Koha item type | Book |
No items available.
